|
|
|
|
| LEADER |
00000nam a2200000 a 4500 |
| 001 |
UCS8500 |
| 003 |
CL-VaPUC |
| 008 |
971031e19690000SP |||||||||||||||||spa|d |
| 082 |
0 |
4 |
|a 152.41
|b CHA
|2 21
|
| 100 |
0 |
|
|a Chauchard, Paul
|e author
|9 393357
|
| 245 |
1 |
0 |
|a Necesitamos amar
|
| 300 |
|
|
|a 194 p
|
| 942 |
|
|
|c BK
|
| 945 |
|
|
|d 19971031 00:00:00
|a aalvarez
|
| 260 |
|
|
|a Barcelona
|b Herder
|c 1969
|
| 650 |
|
0 |
|a Amor
|v Aspectos psicológicos
|9 321746
|
| 583 |
|
|
|a last modification
|c 19971031 00:00:00
|k Rodrigo Vera
|
| 999 |
|
|
|c 262891
|d 262889
|
| 952 |
|
|
|0 0
|1 0
|4 0
|6 152_410000000000000_CHA_1969
|7 0
|8 A
|9 291821
|a BIBTEO
|b BIBTEO
|d 2019-11-19
|i 2024640
|o 152.41 CHA 1969
|p 2024640
|r 2025-01-17
|w 2019-11-19
|y BK
|k ICR
|